000 00537nam a2200169 a 4500
001 000017767
005 20200929165226.0
008 100331s1978 dr c 000 0 spa d
040 _aDO-SdBNP
_bspa
_cBNPHU
082 _axxxx
_bP948p
100 1 _aPriego, Joaquín
_938643
245 1 0 _aPasión, heroísmo y martirio de 12 caciques de La Española /
_cJoaquín Priego.
260 _aSanto Domingo :
_bPublicaciones América,
_c1978.
300 _a119 p. :
_bretrs. ;
_c21 cm.
504 _aIncluye bibliografías (p. 116)
049 _aBNPD
999 _c17292
_d17292